UBT Library

Transformation of cities in Central and Eastern Europe/ (Record no. 437)

000 -LEADER
fixed length control field 00836nam a22002177a 4500
005 - DATE AND TIME OF LATEST TRANSACTION
control field 20140414033539.0
008 - FIXED-LENGTH DATA ELEMENTS--GENERAL INFORMATION
fixed length control field 040727s2005 ja ab b 001 0 eng
020 ## - INTERNATIONAL STANDARD BOOK NUMBER
International Standard Book Number 9280811053
024 0# - OTHER STANDARD IDENTIFIER
Terms of availability eng
080 ## - UNIVERSAL DECIMAL CLASSIFICATION NUMBER
Universal Decimal Classification number 343.1
Common auxiliary subdivision (73)
245 00 - TITLE STATEMENT
Title Transformation of cities in Central and Eastern Europe/
Statement of responsibility, etc edited by F.E. Ian Hamilton, Kaliopa Dimitrovska Andrews, and Nataša Pichler-Milanović.
260 ## -
-- Tokyo:
-- New York;
-- United Nations University Press,
-- 2005.
300 ## -
-- 519 f. :
-- ill., maps ;
-- 23 cm.
504 ## - BIBLIOGRAPHY, ETC. NOTE
Bibliography, etc Includes bibliographical references and index f. 485-519
650 #0 -
-- Procesi penal. Hetimet dhe procedurat penale
650 #0 -
-- Procedura Penale
700 1# -
-- Hamilton, F. E. Ian.
700 1# -
-- Andrews, Kaliopa Dimitrovska.
700 1# -
-- Pichler-Milanović, Nataša.
942 ## - ADDED ENTRY ELEMENTS (KOHA)
Source of classification or shelving scheme
Item type Books
Holdings
Withdrawn status Lost status Source of classification or shelving scheme Damaged status Not for loan Collection code Permanent location Current location Shelving location Date acquired Total Checkouts Full call number Barcode Date last seen Koha item type
          Koleksioni i përgjithshem UBT - Ferizaj UBT - Ferizaj Koleksioni i përgjithshem 04/14/2014   343.1 (73) TRA 003000291 04/14/2014 Books
          Koleksioni i përgjithshem UBT - Ferizaj UBT - Ferizaj Koleksioni i përgjithshem 04/14/2014   343.1 (73) TRA 003000292 04/14/2014 Books
          Koleksioni i përgjithshem UBT - Ferizaj UBT - Ferizaj Koleksioni i përgjithshem 04/14/2014   343.1 (73) TRA 003000293 04/14/2014 Books
          Koleksioni i përgjithshem UBT - Ferizaj UBT - Ferizaj Koleksioni i përgjithshem 04/14/2014   343.1 (73) TRA 003000294 04/14/2014 Books
          Koleksioni i përgjithshem UBT - Ferizaj UBT - Ferizaj Koleksioni i përgjithshem 04/14/2014   343.1 (73) TRA 003000295 04/14/2014 Books
          Koleksioni i përgjithshem UBT - Ferizaj UBT - Ferizaj Koleksioni i përgjithshem 04/14/2014   343.1 (73) TRA 003000296 04/14/2014 Books
          Koleksioni i përgjithshem UBT - Ferizaj UBT - Ferizaj Koleksioni i përgjithshem 04/14/2014   343.1 (73) TRA 003000297 04/14/2014 Books
          Koleksioni i përgjithshem UBT - Ferizaj UBT - Ferizaj Koleksioni i përgjithshem 04/14/2014   343.1 (73) TRA 003000298 04/14/2014 Books
          Koleksioni i përgjithshem UBT - Ferizaj UBT - Ferizaj Koleksioni i përgjithshem 04/14/2014   343.1 (73) TRA 003000299 04/14/2014 Books
          Koleksioni i përgjithshem UBT - Ferizaj UBT - Ferizaj Koleksioni i përgjithshem 04/14/2014   343.1 (73) TRA 003000300 04/14/2014 Books
UBT Library © 2015-2024. All rights reserved University Education for Business and Technology